La naturaleza de las tormentas /

Guardado en:
Autor Principal: Battan, Louis J.
Formato: Libro
Publicado: Buenos Aires : Eudeba, 1964
Materias:
Etiquetas: Agregar Etiqueta
Sin Etiquetas, Sea el primero en etiquetar este registro!
LEADER 00506nam a22001935a 4500
001 CEM.cems000885
005 20060213000000.0
008 130507s1964##################000#0#####d
003 CEMS
082 0 4 |a 551.55 
100 1 |a Battan, Louis J. 
245 1 0 |a La naturaleza de las tormentas / 
260 |a Buenos Aires :  |b Eudeba,  |c 1964 
300 |a 158 p. 
653 |a Ciclones 
653 |a Climatologia 
653 |a Huracanes 
653 |a Tornados 
859 |a CEMS  |b BIB. CEMS - 11 de abril  |h 551.55  |i B321  |p 6375.78  |t Ej.1